| 000 | 00664 a2200193 4500 | ||
|---|---|---|---|
| 999 |
_c183215 _d183215 |
||
| 005 | 20211220165455.0 | ||
| 010 | _aENG-130441 | ||
| 020 |
_a978-93-89811-67-4 _c650.00 |
||
| 035 | _aEN-113973 | ||
| 037 | _bDBAD/PUB | ||
| 082 |
_a346.540 _b1 |
||
| 100 | _aTulsian, PC | ||
| 245 |
_aBusiness Laws: _cPC Tulsian, Bharat Tulsian _bFor CA Foundation Course (New Syllabus) |
||
| 260 |
_aTamill Nadu _bMcGraw Hill Education Private Limited _c2021 |
||
| 270 |
_a444/1, Sri Ekambara Naicker Industrial Estate, Alapakkam, Porur _bChennai _e600116 |
||
| 300 |
_aAPP5.19p. _c22cm (pbk) |
||
| 700 | _aBharat Tulsian | ||
| 942 |
_adpl _cEN _2ddc _h346.540 _mTUL |
||